| 000 | 00495nam a2200205Ia 4500 | ||
|---|---|---|---|
| 003 | OSt | ||
| 005 | 20140313081536.0 | ||
| 008 | 140130s9999 xx 000 0 und d | ||
| 020 | _a9780590442916 | ||
| 050 |
_aPZ 7 _b.B7633Clt 1969 |
||
| 100 | _aBridwell, Norman | ||
| 245 |
_cNorman Bridwell _aClifford's Tricks / |
||
| 260 |
_bScholastic, _c1969. _aNew York : |
||
| 300 | _aBridwell, Norman | ||
| 521 | _aG2 | ||
| 526 | _c440 | ||
| 942 |
_cBK _2lcc |
||
| 999 |
_c40344 _d40344 |
||